[Event "Schuhplattler Veterans-Ladies"]
[Site "Munich"]
[Date "2000.07.15"]
[Round "10"]
[White "Smyslov, Vassily V"]
[Black "Polgar, Sofia"]
[Result "1/2-1/2"]
[WhiteElo "2486"]
[BlackElo "2501"]
[PlyCount "27"]
[EventDate "2000.07.04"]
[EventType "schev"]
[EventRounds "10"]
[EventCountry "GER"]
[SourceTitle "CBM 078"]
[Source "ChessBase"]
[SourceDate "2000.10.18"]
[SourceVersion "1"]
[SourceVersionDate "2000.10.18"]
[SourceQuality "1"]

1. e4 c5 2. c3 d5 3. exd5 Qxd5 4. d4 Nf6 5. Nf3 Bg4 6. Be2 e6 7. h3 Bh5 8. 0-0 Nc6 9. Be3 cxd4 10. Nxd4 Bxe2 11. Qxe2 Be7 12. Nd2 0-0 13. Nxc6 Qxc6 14. Qc4 1/2-1/2

[Event "Schuhplattler Veterans-Ladies"]
[Site "Munich"]
[Date "2000.07.14"]
[Round "9"]
[White "Ioseliani, Nana"]
[Black "Smyslov, Vassily V"]
[Result "1/2-1/2"]
[WhiteElo "2476"]
[BlackElo "2486"]
[PlyCount "27"]
[EventDate "2000.07.04"]
[EventType "schev"]
[EventRounds "10"]
[EventCountry "GER"]
[SourceTitle "CBM 078"]
[Source "ChessBase"]
[SourceDate "2000.10.18"]
[SourceVersion "1"]
[SourceVersionDate "2000.10.18"]
[SourceQuality "1"]

1. d4 d5 2. c4 c6 3. Nf3 Nf6 4. e3 Bf5 5. Nc3 e6 6. Nh4 Bg6 7. Nxg6 hxg6 8. Qb3 Qc7 9. h3 Nbd7 10. Bd2 Nb6 11. Rc1 Nxc4 12. Bxc4 dxc4 13. Qxc4 Qd7 14. Qe2 1/2-1/2

[Event "Schuhplattler Veterans-Ladies"]
[Site "Munich"]
[Date "2000.07.13"]
[Round "8"]
[White "Smyslov, Vassily V"]
[Black "Xie, Jun"]
[Result "1/2-1/2"]
[WhiteElo "2486"]
[BlackElo "2568"]
[PlyCount "44"]
[EventDate "2000.07.04"]
[EventType "schev"]
[EventRounds "10"]
[EventCountry "GER"]
[SourceTitle "CBM 078"]
[Source "ChessBase"]
[SourceDate "2000.10.18"]
[SourceVersion "1"]
[SourceVersionDate "2000.10.18"]
[SourceQuality "1"]

1. e4 e5 2. Nf3 Nc6 3. Nc3 Nf6 4. d4 exd4 5. Nxd4 Bb4 6. Nxc6 bxc6 7. Bd3 d5 8. exd5 cxd5 9. 0-0 0-0 10. Bg5 c6 11. Qf3 Bd6 12. Bxf6 Qxf6 13. Qxf6 gxf6 14. Ne2 Be6 15. Rad1 Rfd8 16. b3 c5 17. c4 dxc4 18. Bxc4 Be5 19. f4 Bxc4 20. bxc4 Bd4+ 21. Nxd4 cxd4 22. Rd3 Rab8 1/2-1/2

[Event "Schuhplattler Veterans-Ladies"]
[Site "Munich"]
[Date "2000.07.10"]
[Round "6"]
[White "Smyslov, Vassily V"]
[Black "Galliamova, Alisa"]
[Result "1/2-1/2"]
[WhiteElo "2486"]
[BlackElo "2526"]
[PlyCount "86"]
[EventDate "2000.07.04"]
[EventType "schev"]
[EventRounds "10"]
[EventCountry "GER"]
[SourceTitle "CBM 078"]
[Source "ChessBase"]
[SourceDate "2000.10.18"]
[SourceVersion "1"]
[SourceVersionDate "2000.10.18"]
[SourceQuality "1"]

1. e4 c5 2. c3 d5 3. exd5 Qxd5 4. d4 g6 5. Nf3 Bg7 6. Be3 Nh6 7. Qb3 Qd8 8. Bb5+ Nd7 9. dxc5 0-0 10. 0-0 Ng4 11. Bxd7 Qxd7 12. Bg5 Qc7 13. h3 Nf6 14. Qa3 Be6 15. Nbd2 Rfc8 16. Rfe1 Qxc5 17. Qxc5 Rxc5 18. Nb3 Rb5 19. Bxf6 Bxf6 20. Nfd4 Bxd4 21. Nxd4 Rxb2 22. Nxe6 fxe6 23. Rxe6 Rf8 24. Rf1 Rf7 25. a4 Rc2 26. Re3 Kf8 27. f3 e6 28. Rd1 Re7 29. Rd6 Kf7 30. f4 Rc7 31. Rdxe6 R2xc3 32. Re7+ Rxe7 33. Rxc3 Ke6 34. Kf2 Kd5 35. Kf3 b6 36. g4 a6 37. Rd3+ Ke6 38. Rb3 Rb7 39. Ke4 b5 40. axb5 Rxb5 41. Rc3 Rb4+ 42. Kf3 a5 43. Rc5 Rb3+ 1/2-1/2

[Event "Schuhplattler Veterans-Ladies"]
[Site "Munich"]
[Date "2000.07.08"]
[Round "5"]
[White "Polgar, Sofia"]
[Black "Smyslov, Vassily V"]
[Result "0-1"]
[WhiteElo "2501"]
[BlackElo "2486"]
[PlyCount "56"]
[EventDate "2000.07.04"]
[EventType "schev"]
[EventRounds "10"]
[EventCountry "GER"]
[SourceTitle "CBM 078"]
[Source "ChessBase"]
[SourceDate "2000.10.18"]
[SourceVersion "1"]
[SourceVersionDate "2000.10.18"]
[SourceQuality "1"]

1. e4 e5 2. Nf3 Nc6 3. Bb5 g6 4. c3 a6 5. Bc4 d6 6. d4 Bg7 7. 0-0 Qe7 8. dxe5 Nxe5 9. Nxe5 dxe5 10. b3 Nf6 11. Ba3 c5 12. Bd5 0-0 13. b4 Rd8 14. bxc5 Nxe4 15. c4 Qc7 16. Re1 Bf5 17. g4 Nxf2 18. Kxf2 e4 19. Kg2 Be6 20. Nd2 Bxd5 21. cxd5 Rxd5 22. Qe2 Bxa1 23. Rxa1 Re8 24. Nc4 Rd3 25. Rb1 Qc6 26. Kg1 Rxa3 27. Nxa3 Qxc5+ 28. Qf2 e3 0-1

[Event "Schuhplattler Veterans-Ladies"]
[Site "Munich"]
[Date "2000.07.07"]
[Round "4"]
[White "Smyslov, Vassily V"]
[Black "Ioseliani, Nana"]
[Result "1/2-1/2"]
[WhiteElo "2486"]
[BlackElo "2476"]
[PlyCount "23"]
[EventDate "2000.07.04"]
[EventType "schev"]
[EventRounds "10"]
[EventCountry "GER"]
[SourceTitle "CBM 078"]
[Source "ChessBase"]
[SourceDate "2000.10.18"]
[SourceVersion "1"]
[SourceVersionDate "2000.10.18"]
[SourceQuality "1"]

1. e4 c5 2. c3 d5 3. exd5 Qxd5 4. d4 e6 5. Nf3 Nf6 6. Be2 cxd4 7. Qxd4 Nc6 8. Qxd5 Nxd5 9. 0-0 Be7 10. Rd1 0-0 11. Nbd2 Bd7 12. Nc4 1/2-1/2

[Event "Flamenco Women-Veterans"]
[Site "Marbella"]
[Date "1999.10.31"]
[Round "9"]
[White "Smyslov, Vassily V"]
[Black "Cramling, Pia"]
[Result "1/2-1/2"]
[WhiteElo "2485"]
[BlackElo "2504"]
[PlyCount "57"]
[EventDate "1999.10.21"]
[EventType "schev"]
[EventRounds "10"]
[EventCountry "ESP"]
[SourceTitle "CBM 074"]
[Source "ChessBase"]
[SourceDate "2000.02.01"]
[SourceVersion "1"]
[SourceVersionDate "2000.02.01"]
[SourceQuality "1"]

1. d4 Nf6 2. Nf3 g6 3. Bg5 Bg7 4. Nbd2 d5 5. e3 0-0 6. c3 Nbd7 7. Bd3 Re8 8. 0-0 e5 9. dxe5 Nxe5 10. Nxe5 Rxe5 11. Bf4 Re8 12. h3 c6 13. Re1 Be6 14. Nb3 Qb6 15. Qc2 c5 16. c4 dxc4 17. Bxc4 Nd5 18. Bxd5 Bxd5 19. Qxc5 Qxc5 20. Nxc5 Bxb2 21. Rab1 Bg7 22. Nxb7 Bxa2 23. Rb5 Rec8 24. Be5 Bxe5 25. Rxe5 Rc7 26. Ra1 Bb3 27. Nd6 a6 28. Rea5 Rc6 29. Nb5 1/2-1/2

[Event "Flamenco Women-Veterans"]
[Site "Marbella"]
[Date "1999.10.22"]
[Round "2"]
[White "Chiburdanidze, Maia"]
[Black "Smyslov, Vassily V"]
[Result "1-0"]
[WhiteElo "2551"]
[BlackElo "2485"]
[PlyCount "72"]
[EventDate "1999.10.21"]
[EventType "schev"]
[EventRounds "10"]
[EventCountry "ESP"]
[SourceTitle "CBM 074"]
[Source "ChessBase"]
[SourceDate "2000.02.01"]
[SourceVersion "1"]
[SourceVersionDate "2000.02.01"]
[SourceQuality "1"]

1. d4 d5 2. c4 c6 3. e3 Nf6 4. Nf3 g6 5. Nc3 Bg7 6. Bd3 0-0 7. h3 b6 8. 0-0 Bb7 9. Qe2 Nbd7 10. Rd1 Qc7 11. Bd2 dxc4 12. Bxc4 e5 13. Rac1 exd4 14. exd4 Rae8 15. Qd3 Qb8 16. Be3 Rd8 17. Qd2 b5 18. Bf4 Qa8 19. Be2 Nb6 20. Be5 b4 21. Nb1 Nfd5 22. Bxg7 Kxg7 23. Ne5 a5 24. Bf3 Rfe8 25. Ng4 Bc8 26. Qh6+ Kg8 27. Ne5 Rd6 28. Nd2 Rde6 29. Nb3 f6 30. Nd3 R6e7 31. Rc5 a4 32. Na5 Bf5 33. Nxc6 Rd7 34. Ncxb4 Qd8 35. Qd2 Bxd3 36. Nxd5 Nxd5 1-0

[Event "Cancan Women-Veterans"]
[Site "Roquebrune"]
[Date "1998.09.19"]
[Round "12"]
[White "Cramling, Pia"]
[Black "Smyslov, Vassily V"]
[Result "1-0"]
[WhiteElo "2505"]
[BlackElo "2500"]
[PlyCount "139"]
[EventDate "1998.09.07"]
[EventType "schev"]
[EventRounds "12"]
[EventCountry "FRA"]
[SourceTitle "CBM 067"]
[Source "ChessBase"]
[SourceDate "1998.11.30"]
[SourceVersion "2"]
[SourceVersionDate "1998.11.01"]
[SourceQuality "1"]

1. d4 d5 2. c4 c6 3. Nf3 Nf6 4. Nc3 dxc4 5. a4 Bf5 6. Ne5 e6 7. f3 c5 8. e4 Bg6 9. Be3 cxd4 10. Qxd4 Qxd4 11. Bxd4 Nc6 12. Nxc6 bxc6 13. Bxc4 Nd7 14. Ke2 e5 15. Be3 a5 16. Rhd1 Rb8 17. Rd2 Bb4 18. Rad1 Nf6 19. Rc2 0-0 20. Na2 Be7 21. Bd3 Nh5 22. g3 f5 23. exf5 Bxf5 24. Bxf5 Rxf5 25. Rd7 Bf8 26. Rc7 Nf6 27. R7xc6 Nd5 28. Rc8 Nxe3 29. Kxe3 Rb6 30. Nc3 h6 31. Nd5 Rb7 32. R2c7 Rb3+ 33. Rc3 Rb7 34. R3c7 Rb3+ 35. Rc3 Rb7 36. Ke4 Rff7 37. b3 Kh7 38. R8c7 Rfxc7 39. Nxc7 Bb4 40. Rc6 Be1 41. Nb5 Bf2 42. Rc2 Bg1 43. Kxe5 Re7+ 44. Kd5 Re3 45. Rg2 Re1 46. Na3 Rd1+ 47. Ke4 Bc5 48. Nc4 Bb4 49. Re2 Rb1 50. Re3 Kg6 51. Ne5+ Kf6 52. Nc6 Be1 53. Rd3 h5 54. Rd6+ Kf7 55. Ne5+ Ke7 56. Rd7+ Ke6 57. Rxg7 Rxb3 58. Nd3 Bb4 59. Rg6+ Ke7 60. Rh6 Ra3 61. Rxh5 Rxa4 62. Rh7+ Kd6 63. Rh6+ Kc7 64. Kd5 Bd2 65. Rh7+ Kd8 66. Nc5 Ra2 67. Kd6 Ke8 68. Re7+ Kf8 69. Nd7+ Kg8 70. Nf6+ 1-0

[Event "Cancan Women-Veterans"]
[Site "Roquebrune"]
[Date "1998.09.14"]
[Round "7"]
[White "Smyslov, Vassily V"]
[Black "Arakhamia Grant, Ketevan"]
[Result "1-0"]
[WhiteElo "2500"]
[BlackElo "2420"]
[PlyCount "49"]
[EventDate "1998.09.07"]
[EventType "schev"]
[EventRounds "12"]
[EventCountry "FRA"]
[SourceTitle "CBM 067"]
[Source "ChessBase"]
[SourceDate "1998.11.30"]
[SourceVersion "2"]
[SourceVersionDate "1998.11.01"]
[SourceQuality "1"]

1. e4 c5 2. Nc3 Nc6 3. Nf3 e6 4. Bb5 Nge7 5. 0-0 a6 6. Bxc6 Nxc6 7. d4 cxd4 8. Nxd4 Qc7 9. Nxc6 bxc6 10. f4 d5 11. f5 Bc5+ 12. Kh1 0-0 13. f6 Rd8 14. fxg7 Bb7 15. Qh5 Bd4 16. Bg5 Rd7 17. Bf6 c5 18. e5 Qb6 19. Nd1 Qb5 20. Rf4 Bxb2 21. Rb1 Qa5 22. Nxb2 Qxa2 23. Rbf1 Qxb2 24. Be7 Rxe7 25. Rxf7 1-0

[Event "Cancan Women-Veterans"]
[Site "Roquebrune"]
[Date "1998.09.10"]
[Round "4"]
[White "Zhu, Chen"]
[Black "Smyslov, Vassily V"]
[Result "1/2-1/2"]
[WhiteElo "2480"]
[BlackElo "2500"]
[PlyCount "68"]
[EventDate "1998.09.07"]
[EventType "schev"]
[EventRounds "12"]
[EventCountry "FRA"]
[SourceTitle "CBM 067"]
[Source "ChessBase"]
[SourceDate "1998.11.30"]
[SourceVersion "2"]
[SourceVersionDate "1998.11.01"]
[SourceQuality "1"]

1. d4 d5 2. c4 c6 3. Nc3 Nf6 4. e3 g6 5. Nf3 Bg7 6. b4 0-0 7. Bb2 Bg4 8. Qb3 Bxf3 9. gxf3 dxc4 10. Bxc4 Nbd7 11. f4 Nb6 12. Be2 Nbd5 13. Na4 Qc8 14. h4 a5 15. b5 cxb5 16. Qxb5 Qf5 17. a3 Rac8 18. Qd3 Rc7 19. Qxf5 gxf5 20. Bd3 e6 21. Ke2 Rfc8 22. f3 Nd7 23. Bc1 N7b6 24. Nxb6 Nxb6 25. a4 Nd5 26. Bd2 Nb4 27. Rhg1 Kh8 28. h5 h6 29. Rab1 Bf8 30. Rbc1 Rxc1 31. Bxc1 Nd5 32. Bb2 Bb4 33. Bb1 Nc3+ 34. Bxc3 Rxc3 1/2-1/2

[Event "Cancan Women-Veterans"]
[Site "Roquebrune"]
[Date "1998.09.09"]
[Round "3"]
[White "Smyslov, Vassily V"]
[Black "Xie, Jun"]
[Result "1/2-1/2"]
[WhiteElo "2500"]
[BlackElo "2510"]
[PlyCount "51"]
[EventDate "1998.09.07"]
[EventType "schev"]
[EventRounds "12"]
[EventCountry "FRA"]
[SourceTitle "CBM 067"]
[Source "ChessBase"]
[SourceDate "1998.11.30"]
[SourceVersion "2"]
[SourceVersionDate "1998.11.01"]
[SourceQuality "1"]

1. e4 e5 2. Nf3 Nc6 3. Bb5 a6 4. Ba4 Nf6 5. d3 d6 6. c3 Be7 7. 0-0 0-0 8. Nbd2 b5 9. Bc2 Nd7 10. d4 Bf6 11. d5 Ne7 12. a4 Rb8 13. axb5 axb5 14. Nb3 Nb6 15. Qe2 Bd7 16. Rd1 Qc8 17. Ne1 Rd8 18. Nd3 c6 19. dxc6 Nxc6 20. Na5 Ne7 21. Nb4 Bg4 22. f3 Be6 23. Nb3 Nc4 24. Nd2 Ra8 25. Rxa8 Qxa8 26. Nxc4 1/2-1/2

[Event "Nagler Memorial"]
[Site "Zuerich"]
[Date "1998.08.12"]
[Round "6"]
[White "Smyslov, Vassily V"]
[Black "Jenni, Florian"]
[Result "1-0"]
[WhiteElo "2500"]
[BlackElo "2430"]
[PlyCount "61"]
[EventDate "1998.08.??"]
[EventType "schev"]
[EventRounds "10"]
[EventCountry "SUI"]
[SourceTitle "EXT 1999"]
[Source "ChessBase"]
[SourceDate "1998.11.16"]
[SourceVersion "1"]
[SourceVersionDate "1998.11.16"]
[SourceQuality "1"]

1. e4 e5 2. Nf3 Nc6 3. Bb5 a6 4. Ba4 Nf6 5. d3 d6 6. c3 g6 7. 0-0 Bg7 8. Re1 0-0 9. Bg5 h6 10. Bh4 b5 11. Bc2 Re8 12. Nbd2 Bb7 13. a3 Qd7 14. Nf1 d5 15. Qd2 dxe4 16. dxe4 Qd6 17. Bxf6 Qxf6 18. Ne3 Rad8 19. Qe2 Qe6 20. b4 Na7 21. Nd2 Nc8 22. Nb3 Bf8 23. Na5 Ba8 24. Bb3 Qb6 25. Qf3 Rd7 26. Rad1 Red8 27. Ng4 Kh8 28. Rxd7 Rxd7 29. Nxe5 Re7 30. Nxf7+ Kg7 31. Qh3 1-0

[Event "Nagler Memorial"]
[Site "Zuerich"]
[Date "1998.08.11"]
[Round "5"]
[White "Moor, Roger"]
[Black "Smyslov, Vassily V"]
[Result "1/2-1/2"]
[WhiteElo "2330"]
[BlackElo "2500"]
[PlyCount "97"]
[EventDate "1998.08.??"]
[EventType "schev"]
[EventRounds "10"]
[EventCountry "SUI"]
[SourceTitle "EXT 1999"]
[Source "ChessBase"]
[SourceDate "1998.11.16"]
[SourceVersion "1"]
[SourceVersionDate "1998.11.16"]
[SourceQuality "1"]

1. Nf3 Nf6 2. g3 d5 3. Bg2 g6 4. b4 Bg7 5. Bb2 0-0 6. 0-0 c6 7. d3 Bg4 8. Nbd2 a5 9. a3 Na6 10. Qb1 axb4 11. axb4 Qb6 12. Bc3 Nh5 13. Bxg7 Nxg7 14. c3 Bxf3 15. Bxf3 Ne6 16. Qb2 Nac7 17. e3 Rxa1 18. Rxa1 Ra8 19. Rxa8+ Nxa8 20. c4 Nac7 21. Qa3 d4 22. Qa5 Qxa5 23. bxa5 Na6 24. Nb3 dxe3 25. fxe3 Nec7 26. d4 Kf8 27. h4 e6 28. g4 h6 29. g5 hxg5 30. hxg5 Ke7 31. Kf2 Ne8 32. Ke2 f6 33. gxf6+ Nxf6 34. Nd2 e5 35. Bg2 exd4 36. exd4 Kd6 37. Ke3 Kc7 38. Kf4 Ng8 39. Kg5 Ne7 40. Be4 Nb4 41. Nb3 b6 42. axb6+ Kxb6 43. Kf6 Nf5 44. Bxf5 gxf5 45. Kxf5 Nc2 46. Ke5 Ne3 47. Nd2 Kc7 48. Ke6 Nc2 49. Nf3 1/2-1/2

[Event "Nagler Memorial"]
[Site "Zuerich"]
[Date "1998.08.07"]
[Round "1"]
[White "Jenni, Florian"]
[Black "Smyslov, Vassily V"]
[Result "1/2-1/2"]
[WhiteElo "2430"]
[BlackElo "2500"]
[PlyCount "70"]
[EventDate "1998.08.??"]
[EventType "schev"]
[EventRounds "10"]
[EventCountry "SUI"]
[SourceTitle "EXT 1999"]
[Source "ChessBase"]
[SourceDate "1998.11.16"]
[SourceVersion "1"]
[SourceVersionDate "1998.11.16"]
[SourceQuality "1"]

1. e4 e5 2. Nf3 Nc6 3. Bb5 a6 4. Bxc6 dxc6 5. 0-0 Bg4 6. h3 Bxf3 7. Qxf3 Qf6 8. Qg3 Bd6 9. d3 Ne7 10. Bg5 Qg6 11. Nd2 f6 12. Be3 Qxg3 13. fxg3 c5 14. g4 Nc6 15. g5 fxg5 16. Bxg5 Nd4 17. c3 Ne6 18. Be3 Rd8 19. Nf3 Rf8 20. g3 c6 21. Kf2 Bc7 22. Ke2 Rd7 23. Nd2 Rdf7 24. Rxf7 Rxf7 25. a4 Kd7 26. a5 Rf6 27. Nc4 Rg6 28. Rg1 h5 29. g4 hxg4 30. hxg4 Rf6 31. g5 Rf8 32. Rh1 Ke7 33. g6 Rf6 34. Rg1 Rf8 35. Rh1 Rf6 1/2-1/2

[Event "Belgrade-Moscow"]
[Site "Belgrade"]
[Date "1998.01.28"]
[Round "1"]
[White "Smyslov, Vassily V"]
[Black "Gligoric, Svetozar"]
[Result "1/2-1/2"]
[WhiteElo "2515"]
[BlackElo "2480"]
[PlyCount "60"]
[EventDate "1998.01.28"]
[EventType "team"]
[EventRounds "2"]
[EventCountry "YUG"]
[SourceTitle "CBM 064"]
[Source "ChessBase"]
[SourceDate "1998.06.02"]
[SourceVersion "1"]
[SourceVersionDate "1998.06.02"]
[SourceQuality "1"]
[WhiteTeam "Moscow"]
[BlackTeam "Belgrade"]
[WhiteTeamCountry "RUS"]
[BlackTeamCountry "YUG"]

1. e4 e5 2. Nf3 Nc6 3. Bb5 a6 4. Bxc6 dxc6 5. d4 exd4 6. Qxd4 Qxd4 7. Nxd4 Bd6 8. Nc3 Ne7 9. Be3 0-0 10. 0-0-0 f5 11. f3 fxe4 12. Nxe4 Nd5 13. Bf2 Nf4 14. Nxd6 cxd6 15. Bg3 Nxg2 16. Bxd6 Re8 17. h4 Ne3 18. Rde1 Bd7 19. b3 Nf5 20. Nxf5 Bxf5 21. Re5 Rxe5 22. Bxe5 Re8 23. f4 Re6 24. Rg1 Rg6 25. Rxg6 Bxg6 26. Kd2 Kf7 27. a4 Bf5 28. a5 Kg6 29. c3 Kh5 30. Bxg7 Kxh4 1/2-1/2

[Event "Rilton Cup 27th"]
[Site "Stockholm"]
[Date "1998.??.??"]
[Round "8"]
[White "Hermansson, Emil"]
[Black "Smyslov, Vassily V"]
[Result "1/2-1/2"]
[WhiteElo "2275"]
[BlackElo "2480"]
[PlyCount "94"]
[EventDate "1997.12.??"]
[EventType "swiss"]
[EventRounds "9"]
[EventCountry "SWE"]
[SourceTitle "EXT 1999"]
[Source "ChessBase"]
[SourceDate "1998.11.16"]
[SourceVersion "1"]
[SourceVersionDate "1998.11.16"]
[SourceQuality "1"]

1. e4 c5 2. Nf3 e6 3. d4 cxd4 4. Nxd4 a6 5. Bd3 g6 6. 0-0 Bg7 7. Nf3 Ne7 8. c4 0-0 9. Nc3 Nbc6 10. Bf4 d5 11. e5 dxc4 12. Bxc4 b5 13. Bd3 Bb7 14. Be4 Qxd1 15. Rfxd1 Rfd8 16. Rd6 b4 17. Na4 Na5 18. Bxb7 Nxb7 19. Rb6 Nd5 20. Rxb7 Nxf4 21. Rxb4 Nd3 22. Re4 Rac8 23. g3 Rc2 24. Rd1 Rd5 25. Ne1 Rc1 26. Rxc1 Nxc1 27. Rc4 Nxa2 28. f4 Bf8 29. Nc2 g5 30. Ne3 Rd3 31. Ng4 gxf4 32. gxf4 Kg7 33. Kf2 Nb4 34. Nc3 Nd5 35. Ke2 Rh3 36. Nxd5 exd5 37. Rc7 Kg6 38. f5+ Kg5 39. Rxf7 Bc5 40. Rc7 Kxg4 41. Rxc5 Kxf5 42. Rxd5 Rxh2+ 43. Ke3 Rxb2 44. Rd6 a5 45. e6 Rb5 46. Kd4 Kf6 47. e7+ Kxe7 1/2-1/2

[Event "Rilton Cup 27th"]
[Site "Stockholm"]
[Date "1998.??.??"]
[Round "4"]
[White "Mork, Kjell Arne"]
[Black "Smyslov, Vassily V"]
[Result "1-0"]
[WhiteElo "2290"]
[BlackElo "2480"]
[PlyCount "101"]
[EventDate "1997.12.??"]
[EventType "swiss"]
[EventRounds "9"]
[EventCountry "SWE"]
[SourceTitle "EXT 1999"]
[Source "ChessBase"]
[SourceDate "1998.11.16"]
[SourceVersion "1"]
[SourceVersionDate "1998.11.16"]
[SourceQuality "1"]

1. e4 e6 2. d4 d5 3. Nc3 Bb4 4. e5 Qd7 5. Bd2 b6 6. Bb5 c6 7. Ba4 b5 8. Bb3 c5 9. a3 Bxc3 10. Bxc3 c4 11. Ba2 Nc6 12. b4 Nge7 13. Nf3 0-0 14. 0-0 f6 15. Re1 Ng6 16. exf6 gxf6 17. Qd2 Qd6 18. Rad1 Bd7 19. Qh6 a5 20. Bb1 axb4 21. axb4 Rf7 22. Nh4 Nxh4 23. Qxh4 Nxb4 24. Bxb4 Qxb4 25. c3 Qxc3 26. Re3 Qb4 27. Rg3+ Kf8 28. Bxh7 Ke7 29. Bg6 Rff8 30. Qf4 Qd6 31. Qe3 b4 32. Qe1 b3 33. h4 f5 34. h5 Qf4 35. Qb4+ Qd6 36. Qd2 f4 37. Rf3 Ra2 38. Qc3 Be8 39. Rh3 Rh8 40. Bb1 Ra4 41. h6 Qb4 42. Qc1 Qb8 43. Qb2 Qa7 44. Qe2 Qc7 45. Qg4 c3 46. Qg5+ Kd7 47. Qg7+ Kd8 48. Qxh8 c2 49. Qf6+ Kc8 50. Qxe6+ Bd7 51. Qg8+ 1-0

[Event "Rilton Cup 27th"]
[Site "Stockholm"]
[Date "1998.??.??"]
[Round "9"]
[White "Smyslov, Vassily V"]
[Black "Ornstein, Axel"]
[Result "1-0"]
[WhiteElo "2480"]
[BlackElo "2430"]
[PlyCount "89"]
[EventDate "1997.12.??"]
[EventType "swiss"]
[EventRounds "9"]
[EventCountry "SWE"]
[SourceTitle "EXT 1999"]
[Source "ChessBase"]
[SourceDate "1998.11.16"]
[SourceVersion "1"]
[SourceVersionDate "1998.11.16"]
[SourceQuality "1"]

1. e4 c5 2. Nf3 e6 3. c3 Nf6 4. d3 d5 5. e5 Nfd7 6. d4 Nc6 7. Be2 Be7 8. 0-0 0-0 9. Be3 b6 10. Ne1 a5 11. f4 Ba6 12. Nd3 f6 13. Nd2 cxd4 14. cxd4 fxe5 15. fxe5 Bg5 16. Rxf8+ Nxf8 17. Bf2 Nb4 18. Nxb4 Bxe2 19. Qxe2 axb4 20. Nf3 Be7 21. b3 Ng6 22. Rc1 Rc8 23. Qd2 Nf8 24. Be3 h6 25. Qd3 Rxc1+ 26. Bxc1 Qc8 27. Bd2 Kf7 28. h4 Qa8 29. Qc2 Ke8 30. g3 Kd7 31. Ne1 Qe8 32. Qd3 Qh5 33. Qb5+ Kc7 34. Bxb4 Bxb4 35. Qxb4 Qe2 36. Qd6+ Kb7 37. Ng2 Qf3 38. Qe7+ Kc6 39. Qxg7 Nd7 40. Qxh6 Qd1+ 41. Kh2 Qxd4 42. Qxe6+ Kc7 43. Qd6+ Kc8 44. Nf4 Nxe5 45. Qd8+ 1-0

[Event "VAM Hoogeveen"]
[Site "Hoogeveen"]
[Date "1997.10.17"]
[Round "6"]
[White "Smyslov, Vassily V"]
[Black "Van Wely, Loek"]
[Result "0-1"]
[WhiteElo "2480"]
[BlackElo "2655"]
[PlyCount "100"]
[EventDate "1997.10.11"]
[EventType "tourn"]
[EventRounds "6"]
[EventCountry "NED"]
[EventCategory "14"]
[SourceTitle "CBM 062"]
[Source "ChessBase"]
[SourceDate "1998.01.31"]
[SourceVersion "1"]
[SourceVersionDate "1998.01.31"]
[SourceQuality "1"]

1. e4 c5 2. Nc3 Nc6 3. Nf3 d6 4. d4 cxd4 5. Nxd4 Nf6 6. Be2 g6 7. 0-0 Bg7 8. Be3 0-0 9. Kh1 Bd7 10. Nb3 Na5 11. f4 Bc6 12. Qd3 Nd7 13. Bf3 b6 14. Nxa5 bxa5 15. Rad1 Nb6 16. b3 Rc8 17. Ne2 a4 18. Bd4 Bxd4 19. Nxd4 Bb7 20. c4 a5 21. e5 Bxf3 22. Qxf3 axb3 23. axb3 a4 24. Qb7 axb3 25. Nc6 Qc7 26. Nxe7+ Kg7 27. Qxc7 Rxc7 28. Nd5 Nxd5 29. cxd5 b2 30. Rb1 Rc2 31. Kg1 Rfc8 32. exd6 Kf6 33. d7 Rb8 34. Rfe1 Rd8 35. Kf1 Rxd7 36. Re2 Rc1+ 37. Re1 Rxb1 38. Rxb1 Rb7 39. Ke2 Rb5 40. Ke3 Ke7 41. Kd3 Kd6 42. Kc2 Kxd5 43. Rd1+ Ke4 44. Kb1 Rb7 45. Rf1 f5 46. Rf3 Rd7 47. Rf2 Ke3 48. Rf3+ Ke2 49. Rb3 Kf1 50. Rxb2 Re7 0-1

[Event "VAM Hoogeveen"]
[Site "Hoogeveen"]
[Date "1997.10.15"]
[Round "4"]
[White "Smyslov, Vassily V"]
[Black "Polgar, Judit"]
[Result "1/2-1/2"]
[WhiteElo "2480"]
[BlackElo "2670"]
[PlyCount "69"]
[EventDate "1997.10.11"]
[EventType "tourn"]
[EventRounds "6"]
[EventCountry "NED"]
[EventCategory "14"]
[SourceTitle "CBM 062"]
[Source "ChessBase"]
[SourceDate "1998.01.31"]
[SourceVersion "1"]
[SourceVersionDate "1998.01.31"]
[SourceQuality "1"]

1. Nf3 Nf6 2. d4 g6 3. Bg5 Bg7 4. Nbd2 d5 5. e3 0-0 6. Bd3 c5 7. c3 b6 8. 0-0 Bb7 9. Bxf6 Bxf6 10. Qe2 Bg7 11. Rad1 Nd7 12. Rfe1 c4 13. Bc2 f5 14. Ng5 Rf6 15. f4 b5 16. g4 e6 17. Qg2 Qe7 18. Ndf3 h6 19. Nh3 a5 20. Ne5 g5 21. gxf5 Nxe5 22. dxe5 Rxf5 23. Bxf5 exf5 24. fxg5 d4 25. e4 dxc3 26. bxc3 hxg5 27. Nxg5 b4 28. e6 Bc6 29. Nf7 Qf6 30. Rd6 Qxc3 31. Red1 Bxe4 32. Rd8+ Rxd8 33. Rxd8+ Kh7 34. Ng5+ Kh6 35. Nf7+ 1/2-1/2

[Event "VAM Hoogeveen"]
[Site "Hoogeveen"]
[Date "1997.10.12"]
[Round "2"]
[White "Van Wely, Loek"]
[Black "Smyslov, Vassily V"]
[Result "1-0"]
[WhiteElo "2655"]
[BlackElo "2480"]
[PlyCount "79"]
[EventDate "1997.10.11"]
[EventType "tourn"]
[EventRounds "6"]
[EventCountry "NED"]
[EventCategory "14"]
[SourceTitle "CBM 062"]
[Source "ChessBase"]
[SourceDate "1998.01.31"]
[SourceVersion "1"]
[SourceVersionDate "1998.01.31"]
[SourceQuality "1"]

1. d4 d5 2. c4 c6 3. Nc3 Nf6 4. Nf3 dxc4 5. a4 Bf5 6. Ne5 Nbd7 7. Nxc4 Qc7 8. g3 e5 9. dxe5 Nxe5 10. Bf4 Nfd7 11. Bg2 f6 12. 0-0 Be6 13. Nxe5 fxe5 14. Be3 Bc5 15. Qc1 0-0 16. Rd1 Bxe3 17. Qxe3 a5 18. Ne4 Kh8 19. Rac1 Rad8 20. Nd6 Nf6 21. Qxe5 Bb3 22. Rd3 Ng4 23. Qd4 Nxf2 24. Rxb3 Rxd6 25. Rxb7 Rxd4 26. Rxc7 Ne4 27. R7xc6 Rxa4 28. R6c4 Rxc4 29. Rxc4 Nd2 30. Ra4 Rb8 31. Rxa5 Nc4 32. Ra4 Nxb2 33. Rd4 g6 34. Kf2 Rc8 35. Bd5 Rc1 36. Bb3 Rc3 37. Rb4 Rc7 38. Ke1 Kg7 39. Kd2 Kf6 40. Bd5 1-0